| 000 | 00737na a2200217 4500 | ||
|---|---|---|---|
| 001 | 13436 | ||
| 003 | MIRAKIL | ||
| 005 | 20181213154802.0 | ||
| 008 | 161010b tu 000 0 | ||
| 040 |
_aMilas _btur _cTR-AnCHP |
||
| 041 | _atur | ||
| 082 |
_a321.804 _bS39t 1995 |
||
| 090 | _a321.804 S39t 1995 | ||
| 100 | _aSezgin, İsmet | ||
| 245 |
_aTürkiye Büyük Millet Meclisi Başkanı Sayın İsmet Sezgin'in 19'uncu yasama dönemi çalışmalarının değerlendirilmesi ile ilgili basın toplantısı _bTBMM tören salonu _cİsmet Sezgin |
||
| 260 |
_aAnkara _bTBMM Basımevi _c1995 |
||
| 300 |
_a16 s. _c19 sm. |
||
| 650 |
_aDemokratik sistemler _zTürkiye |
||
| 650 |
_aYasama organları _x19. yasama _yTBMM |
||
| 942 |
_2dcc _cBKS |
||
| 999 |
_c817 _d817 |
||